| 000 | 00444cam a2200193ua 4500 | ||
|---|---|---|---|
| 020 | _c1.00 | ||
| 041 |
_ahin _h |
||
| 082 |
_a891.54 _bBHU/VI |
||
| 100 | _aBhukariya, Tanmay . | ||
| 245 |
_aVir lal padmathar / _cTanmay Bhukariya. _hTextual Documents |
||
| 250 |
_a2 / _b. |
||
| 260 |
_a : _bBhukariya , _c1962. |
||
| 300 | _a67 ; . | ||
| 365 | _a1.00 | ||
| 504 | _a | ||
| 942 | _cBK | ||
| 999 |
_c3724 _d3724 |
||